Представление документа в формате MARC21

Поле Инд. ПП Название Значение
Тип записи a
Библиографический уровень b
001 Контрольный номер RU/IS/BASE/234618631
005 Дата корректировки 20220303141345.4
040 b Код языка каталог. rus
e Правила каталог. PSBO
041 0_ a Код языка текста rus
084 a Индекс другой классификации/Индекс ББК 83.3(2=411.2)5; 76.003(2)5
100 1_ a Автор Пуряева Н. Н.
245 10 a Заглавие М. П. Погодин в "Московском вестнике"
504 a Библиография Библиогр. - Примеч.: с. 100 - 101
600 14 a Персоналии Погодин Михаил Петрович
650 04 a Основная рубрика история литературы
a Основная рубрика литературоведение
a Основная рубрика периодическая печать
a Основная рубрика средства массовой информации (СМИ)
a Основная рубрика филологические науки; журналистика
653 0_ a Ключевые слова "Московский вестник"
a Ключевые слова XIX век
a Ключевые слова журналы
a Ключевые слова история периодической печати
a Ключевые слова редакторская деятельность
a Ключевые слова Россия
773 0_ t Заглавие источника Вестник Московского университета. Серия 9, Филология
d Дата издания источника 2006
g Прочая информация № 5. - С. 90 - 101
w Контрольный № источника RU/IS/BASE/220371624
901 t Тип документа b